[Event "Monte Grande Valerio Lorenzi 2nd"]
[Site "Monte Grande"]
[Date "2015.05.11"]
[Round "2.4"]
[White "Alves Fernandez, Sebastian"]
[Black "Gilges, Carlos Guillermo"]
[Result "1-0"]
[WhiteElo "1780"]
[BlackElo "1669"]
[PlyCount "79"]
[EventDate "2015.05.08"]
[EventType "swiss"]
[EventRounds "7"]
[EventCountry "ARG"]
[SourceTitle "EXT 2024"]
[Source "ChessBase"]
[SourceDate "2023.10.10"]
[SourceVersion "1"]
[SourceVersionDate "2023.10.10"]
[SourceQuality "1"]

1. d4 d5 2. Bg5 Nd7 3. Nf3 Ngf6 4. Nbd2 e6 5. e3 Be7 6. Bd3 h6 7. Bh4 0-0 8. Ne5 Nxe5 9. dxe5 Nd7 10. Bxe7 Qxe7 11. f4 f6 12. Qh5 Rd8 13. g4 fxe5 14. g5 e4 15. Be2 Qf7 16. Qg4 hxg5 17. fxg5 Qf5 18. Qg3 Qe5 19. Qh4 g6 20. 0-0-0 Rf8 21. Rdg1 Qg7 22. Qe1 Ne5 23. Rg3 Bd7 24. h4 Kf7 25. h5 gxh5 26. Bxh5+ Ke7 27. Nb3 Rh8 28. Qb4+ Kd8 29. Qxb7 Bc6 30. Nc5 Qe7 31. Qb4 Nd7 32. Na6 Qxb4 33. Nxb4 Bb5 34. Rgh3 c5 35. Be2 Rxh3 36. Rxh3 Kc7 37. Bxb5 cxb4 38. Rh7 Rd8 39. g6 Kd6 40. Rxd7+ 1-0

[Event "Villa Ballester Verano op 62nd"]
[Site "Villa Ballester"]
[Date "2012.01.25"]
[Round "6"]
[White "Pascual, Diego Nicolas"]
[Black "Gilges, Carlos Guillermo"]
[Result "1-0"]
[WhiteElo "1988"]
[BlackElo "1713"]
[PlyCount "57"]
[EventDate "2012.01.19"]
[EventType "swiss"]
[EventRounds "9"]
[EventCountry "ARG"]
[SourceTitle "EXT 2013"]
[Source "ChessBase"]
[SourceDate "2012.11.22"]
[SourceVersion "1"]
[SourceVersionDate "2012.11.22"]
[SourceQuality "1"]

1. e4 e5 2. Nf3 Nc6 3. Nc3 Nf6 4. d4 exd4 5. Nd5 d6 6. Nxd4 Bd7 7. Nb5 Nxd5 8. exd5 Ne5 9. Nc3 Be7 10. Be2 0-0 11. 0-0 Bf5 12. Be3 Qd7 13. f4 Ng4 14. Bd4 Nf6 15. h3 Ne4 16. g4 Nxc3 17. Bxc3 Be4 18. Qd4 Bf6 19. Qxe4 Rfe8 20. Qd3 Bxc3 21. bxc3 Re7 22. Qd2 Rae8 23. Bd3 h5 24. f5 hxg4 25. hxg4 Qa4 26. c4 b5 27. f6 Re5 28. Qh2 Re4 29. Rae1 1-0